[Event "DOM-ch"]
[Site "Santo Domingo"]
[Date "2018.04.21"]
[Round "2"]
[White "Pena Ramirez, Ambiorix"]
[Black "Mejia, Juan Alberto"]
[Result "1-0"]
[WhiteElo "2044"]
[BlackElo "1867"]
[PlyCount "105"]
[EventDate "2018.04.20"]
[EventType "swiss"]
[EventRounds "11"]
[EventCountry "DOM"]
[SourceTitle "CBM 184 Extra"]
[Source "ChessBase"]
[SourceDate "2018.06.28"]
[SourceVersion "1"]
[SourceVersionDate "2018.06.28"]
[SourceQuality "1"]

1. d4 Nf6 2. c4 e6 3. Nf3 Bb4+ 4. Bd2 Qe7 5. g3 b6 6. Bg2 Bxd2+ 7. Nfxd2 c6 8. 0-0 d5 9. e4 dxe4 10. Nxe4 Nxe4 11. Bxe4 Bb7 12. Nc3 0-0 13. Qc2 g6 14. Rfe1 Qf6 15. Rad1 Rd8 16. Qd2 Nd7 17. Bg2 Qg7 18. b4 Nf6 19. Qf4 Rd7 20. Rd2 Rad8 21. Red1 Nh5 22. Qe3 Nf6 23. h3 Ne8 24. c5 Nf6 25. Qe5 Nd5 26. Qxg7+ Kxg7 27. Bxd5 exd5 28. cxb6 axb6 29. Na4 b5 30. Nc5 Re7 31. Rc1 Bc8 32. Kg2 Rd6 33. Nb3 Ree6 34. Rdc2 f5 35. Na5 Kf6 36. Rxc6 Rxc6 37. Rxc6 Rxc6 38. Nxc6 Bd7 39. Na5 g5 40. f4 h5 41. h4 g4 42. Nb7 Ke7 43. Nc5 Be8 44. Kf2 Kd6 45. Ke3 Bc6 46. Kd3 Be8 47. Kc3 Bc6 48. Kb3 Be8 49. a4 bxa4+ 50. Nxa4 Kc7 51. Nc3 Bf7 52. b5 Be6 53. Kb4 1-0